The 3 Most Popular Sports in Every Country (Part 3) - Statistics

General Stats
  • This quiz has been taken 53 times
  • The average score is 19 of 30
Answer Stats
League Team % Correct
Canada Ice hockey
100%
Czech Republic Ice Hockey
100%
Pakistan Cricket
98%
Senegal Basketball
96%
Uruguay Basketball
96%
Czech Republic Football/Soccer
96%
Denmark Football/Soccer
96%
Georgia Football/Soccer
96%
Kenya Football/Soccer
96%
Netherlands Football/Soccer
96%
Senegal Football/Soccer
96%
Uruguay Football/Soccer
96%
Cuba Baseball
85%
Georgia Rugby
78%
Kenya Rugby
78%
Uruguay Rugby
78%
Kenya Athletics
65%
Czech Republic Volleyball
52%
Denmark Handball
43%
Georgia Wrestling
43%
Senegal Wrestling
43%
Canada Lacrosse
37%
Denmark Badminton
35%
Netherlands Field hockey
33%
Pakistan Field Hockey
33%
Cuba Softball
15%
Canada Canadian football
11%
Netherlands Speed skating
11%
Cuba Kickboxing
7%
Pakistan Squash
4%
No matching quizzes found
Score Distribution
Percent of People with Each Score
Percentile by Number Answered
Your Score History
You have not taken this quiz